| 000 | 00484nam a2200181Ia 4500 | ||
|---|---|---|---|
| 001 | 23451 | ||
| 005 | 20260414150938.0 | ||
| 008 | 260414t2008||||xx |||||||||||||| ||spa|| | ||
| 041 | _aESP | ||
| 082 |
_a650.01513 _bM44 |
||
| 100 |
_aMeza Orozco, Jhonny de Jesús _eAUT |
||
| 245 | 0 |
_aMatemáticas financieras aplicadas : _buso de las calculadoras financieras |
|
| 260 | _c2008 | ||
| 300 |
_a548 páginas : _c24 cm. |
||
| 650 | _aGEN | ||
| 654 | _aCCO | ||
| 942 |
_cLIB _dJUS _fJUS _2ddc _n |
||
| 999 |
_c23451 _d23451 |
||